Statistics for Presidential Middle Names

Click here to take the quiz!

General Stats

  • This quiz has been taken 45,982 times
    (19,113 since last reset)
  • The average score is 12 of 27

Answer Stats

FirstMiddleLast% Correct
DonaldJohnTrump
78%
FranklinDelanoRoosevelt
76%
JohnQuincyAdams
76%
WilliamHenryHarrison
74%
JohnFitzgeraldKennedy
70%
HiramUlyssesGrant
65%
BarackHusseinObama
64%
GeorgeWalkerBush
61%
StephenGroverCleveland
59%
JohnCalvinCoolidge
57%
GeorgeHerbert WalkerBush
57%
ThomasWoodrowWilson
56%
WilliamHowardTaft
52%
LyndonBainesJohnson
50%
DwightDavidEisenhower
50%
RichardMilhousNixon
43%
WilliamJeffersonClinton
40%
JosephRobinetteBiden
34%
ChesterAlanArthur
30%
RonaldWilsonReagan
26%
JamesEarlCarter
25%
JamesKnoxPolk
23%
WarrenGamalielHarding
17%
GeraldRudolphFord
16%
RutherfordBirchardHayes
14%
JamesAbramGarfield
13%
HerbertClarkHoover
12%

Score Distribution

Percentile by Number Answered

Percent of People with Each Score

Your Score History

You have not taken this quiz since the last reset